|
|
|
|
| LEADER |
01256nam a22003132a 4500 |
| 001 |
000129245 |
| 003 |
CZ BrMZK |
| 005 |
20071115081910.0 |
| 007 |
ta |
| 008 |
950101s1987 xr f cze d |
| 015 |
|
|
|a cnb000037435
|
| 035 |
|
|
|a (OCoLC)85616330
|
| 040 |
|
|
|a BOA001
|b cze
|
| 080 |
9 |
|
|a 630(076.5)378.663
|
| 100 |
1 |
|
|a Bartuněk, Jiří,
|d 1933-
|7 jn20000400091
|4 aut
|
| 245 |
1 |
0 |
|a Ekonomika lesního hospodářství(návody do cvičení) /
|c Jiří Bartuněk
|
| 250 |
|
|
|a 1. vyd.
|
| 260 |
|
|
|a Brno :
|b Vysoká škola zemědělská,
|c 1987
|
| 300 |
|
|
|a 194 s.
|
| 504 |
|
|
|a Obsahuje bibliografii
|
| 910 |
|
|
|a BOA001
|b 4-0923.594
|
| 964 |
|
|
|a Lesní hospodářství - praktika
|
| 990 |
|
|
|a BK
|
| 991 |
|
|
|b 200711
|
| 996 |
7 |
|
|b 2619940241
|c 4-0923.594
|l MZK
|r Sklad / do 1 hodiny
|n 1
|w 000129245
|u 000030
|a 1
|e BOA001
|j MZK50
|s A
|
| 996 |
7 |
|
|b 2619940242
|c 4-0923.594
|l MZK
|r Sklad / do 1 hodiny
|n 2
|w 000129245
|u 000040
|a 1
|e BOA001
|j MZK50
|s A
|
| 996 |
6 |
|
|b 2619940243
|c 4-0923.594
|l MZK
|r Sklad / do 1 hodiny
|n 0
|w 000129245
|u 000050
|a 1
|e BOA001
|j MZK50
|s P
|
| 996 |
7 |
|
|b 2619952196
|c 4-0923.594
|l MZK
|r Sklad / do 1 hodiny
|n 8
|w 000129245
|u 000020
|a 1
|e BOA001
|j MZK50
|s A
|
| 996 |
7 |
|
|b 2619973720
|c 4-0923.594
|l MZK
|r Sklad / do 1 hodiny
|n 6
|w 000129245
|u 000010
|a 1
|e BOA001
|j MZK50
|s A
|